[Event "Titled Tuesday intern op 09th Jan Early"]
[Site "Chess.com INT"]
[Date "2024.01.09"]
[Round "9"]
[White "Yushko, Olga"]
[Black "Smirnov, Timofey"]
[Result "0-1"]
[WhiteElo "2064"]
[BlackElo "2368"]
[PlyCount "214"]
[EventDate "2024.01.09"]
[EventType "swiss (blitz)"]
[EventRounds "11"]
[EventCountry "USA"]
[SourceTitle "CB03_2024"]
[SourceDate "2024.01.17"]
[SourceVersion "1"]
[SourceVersionDate "2024.01.17"]
[SourceQuality "1"]

1. d4 d5 2. c4 c6 3. Nc3 Nf6 4. cxd5 cxd5 5. Nf3 Nc6 6. Bf4 a6 7. e3 Bg4 8. Be2 Bxf3 9. Bxf3 e6 10. 0-0 Bd6 11. Bg5 h6 12. Bh4 Be7 13. Rb1 0-0 14. a3 b5 15. Rc1 Na5 16. Bxf6 Bxf6 17. e4 dxe4 18. Nxe4 Rb8 19. Nc5 Rb6 20. b4 Nc4 21. Rxc4 bxc4 22. d5 exd5 23. Qxd5 Qxd5 24. Bxd5 Rd8 25. Bxc4 a5 26. bxa5 Rc6 27. Nb7 Rxc4 28. Nxd8 Bxd8 29. a6 Ra4 30. Rd1 Be7 31. Rd7 Rxa3 32. g3 Bc5 33. Kg2 Rxa6 34. Rd2 Rf6 35. Re2 Re6 36. Rc2 Bb4 37. Rb2 Be1 38. Rc2 Kh7 39. Kf1 Bb4 40. Kg2 f6 41. Rb2 Bc5 42. Rc2 Bd4 43. Rd2 Ba1 44. Ra2 Re1 45. Kf3 Bd4 46. Kg2 Be5 47. Rc2 Rd1 48. Kf3 Rb1 49. Kg2 Rb2 50. Rc4 Ra2 51. Kf3 Kg6 52. Ke3 Ra8 53. Rc2 Re8 54. Kf3 h5 55. Kg2 Bd6 56. h4 Re5 57. Kf3 Rf5+ 58. Kg2 Be5 59. Rd2 Bc3 60. Rc2 Be1 61. Re2 Ba5 62. Ra2 Bb6 63. Rb2 Bc7 64. Rc2 Bd6 65. Rd2 Be5 66. Re2 Bc3 67. Rc2 Rc5 68. Ra2 Bd4 69. Rd2 Kf5 70. Rxd4 Re5 71. Rf4+ Kg6 72. Kf3 Re6 73. Ra4 Re5 74. Ra7 Rf5+ 75. Ke3 Re5+ 76. Kf4 Rf5+ 77. Ke3 Re5+ 78. Kf3 Rf5+ 79. Kg2 Rb5 80. Ra2 Rc5 81. Rd2 Re5 82. Rd7 Rf5 83. f3 Re5 84. g4 hxg4 85. fxg4 Re4 86. Kf3 Ra4 87. Rd8 Ra3+ 88. Kf4 Ra4+ 89. Kg3 Ra3+ 90. Kf2 Ra2+ 91. Ke3 Ra3+ 92. Kf4 Ra4+ 93. Kf3 Ra3+ 94. Ke2 Ra2+ 95. Ke3 Ra3+ 96. Ke4 Ra4+ 97. Rd4 Rxd4+ 98. Kxd4 f5 99. gxf5+ Kxf5 100. Ke3 Kg4 101. Kf2 Kxh4 102. Kg1 Kg3 103. Kh1 g6 104. Kg1 g5 105. Kh1 g4 106. Kg1 Kh3 107. Kf2 Kh2 0-1

[Event "Titled Tuesday intern op 09th Jan Early"]
[Site "Chess.com INT"]
[Date "2024.01.09"]
[Round "8"]
[White "Yushko, Olga"]
[Black "Thake, Conrad"]
[Result "0-1"]
[WhiteElo "2064"]
[BlackElo "1759"]
[PlyCount "134"]
[EventDate "2024.01.09"]
[EventType "swiss (blitz)"]
[EventRounds "11"]
[EventCountry "USA"]
[SourceTitle "CB03_2024"]
[SourceDate "2024.01.17"]
[SourceVersion "1"]
[SourceVersionDate "2024.01.17"]
[SourceQuality "1"]

1. d4 c5 2. d5 Nf6 3. c4 d6 4. Nc3 g6 5. e4 Bg7 6. h3 0-0 7. Nf3 e6 8. Be2 exd5 9. exd5 Re8 10. 0-0 Nbd7 11. Bf4 Ne5 12. Nxe5 dxe5 13. Bg5 a6 14. d6 Bd7 15. Nd5 Rc8 16. Ne7+ Rxe7 17. dxe7 Qxe7 18. Bf3 Bf5 19. Qb3 e4 20. Rfe1 Qc7 21. Bxf6 Bxf6 22. Bxe4 Bxe4 23. Rxe4 Bd4 24. Rae1 b6 25. Qf3 Rf8 26. b3 Qd6 27. Qf4 Qxf4 28. Rxf4 f5 29. Re5 Bxe5 30. Rf3 Bd4 31. Kf1 Re8 32. Rd3 Kf7 33. Rd2 Kf6 34. Rd1 g5 35. b4 h5 36. bxc5 Bxc5 37. Rd7 Re4 38. Ra7 a5 39. Rh7 h4 40. g3 hxg3 41. fxg3 Rxc4 42. h4 gxh4 43. gxh4 Kg6 44. Rh8 Bd4 45. Rf8 Rc2 46. a4 Rf2+ 47. Ke1 Rf4 48. Rg8+ Kh5 49. Ke2 Rxh4 50. Kd3 Rf4 51. Kc2 Bc5 52. Kb3 Rg4 53. Rh8+ Kg5 54. Rc8 Kf4 55. Kc4 Kf3+ 56. Kb5 f4 57. Re8 Kf2 58. Kc4 f3+ 59. Kd3 Rd4+ 60. Kc3 Kf1 61. Kc2 f2 62. Re6 Rd5 63. Kc3 Kg2 64. Rg6+ Kf3 65. Rf6+ Kg4 66. Rf7 Kg5 67. Kc4 Rf5 0-1

[Event "Titled Tuesday intern op 19th Dec Early"]
[Site "Chess.com INT"]
[Date "2023.12.19"]
[Round "4"]
[White "Bowden, Karl"]
[Black "Yushko, Olga"]
[Result "1-0"]
[WhiteElo "2348"]
[BlackElo "2064"]
[PlyCount "55"]
[EventDate "2023.12.19"]
[EventType "swiss (blitz)"]
[EventRounds "11"]
[EventCountry "USA"]
[SourceTitle "CB52_2023"]
[SourceDate "2023.12.27"]
[SourceVersion "1"]
[SourceVersionDate "2023.12.27"]
[SourceQuality "1"]

1. e4 e6 2. d3 d5 3. Qe2 Be7 4. Nf3 Nf6 5. g3 0-0 6. Bg2 c5 7. 0-0 Nc6 8. e5 Nd7 9. c4 Qc7 10. Bf4 dxc4 11. dxc4 Nd4 12. Nxd4 cxd4 13. h4 Nc5 14. Rd1 d3 15. Qe3 Rd8 16. Nc3 Rb8 17. Nb5 Qb6 18. b4 a6 19. Nd6 Qxb4 20. Rab1 Qa5 21. Bf1 b5 22. Qxc5 Bxd6 23. exd6 Bb7 24. d7 Ra8 25. Bc7 Qxa2 26. Bxd8 Rxd8 27. Qe7 Qa5 28. Qe8+ 1-0

[Event "Titled Tuesday intern op 19th Dec Early"]
[Site "Chess.com INT"]
[Date "2023.12.19"]
[Round "10"]
[White "Dwilewicz, Katarzyna"]
[Black "Yushko, Olga"]
[Result "1-0"]
[WhiteElo "2112"]
[BlackElo "2064"]
[PlyCount "57"]
[EventDate "2023.12.19"]
[EventType "swiss (blitz)"]
[EventRounds "11"]
[EventCountry "USA"]
[SourceTitle "CB52_2023"]
[SourceDate "2023.12.27"]
[SourceVersion "1"]
[SourceVersionDate "2023.12.27"]
[SourceQuality "1"]

1. e4 e6 2. d4 d5 3. e5 c5 4. c3 Nc6 5. Nf3 Qb6 6. Be2 cxd4 7. cxd4 Nge7 8. Nc3 Nf5 9. Na4 Qc7 10. 0-0 Be7 11. b3 0-0 12. Bb2 a6 13. Rc1 b5 14. Nc5 Bxc5 15. Rxc5 Qb6 16. Qd2 Bd7 17. Rfc1 a5 18. Rxb5 Qa7 19. Rbc5 Rfc8 20. Bb5 Nxe5 21. Rxc8+ Rxc8 22. Rxc8+ Bxc8 23. Nxe5 f6 24. Nc6 Qc7 25. Qxa5 Qf4 26. Qd8+ Kf7 27. Ne5+ fxe5 28. Be8+ Kf8 29. Bg6# 1-0